Cuatro siglos de Historia iqueña / (Record no. 137928)

MARC details
000 -LEADER
campo de control de longitud fija 00492nam a2200157 4500
001 - NÚMERO DE CONTROL
campo de control 137928
003 - IDENTIFICADOR DE NÚMERO DE CONTROL
campo de control ES-MaACL
005 - FECHA Y HORA DE LA ÚLTIMA TRANSACCIÓN
campo de control 20230906195454.0
007 - CAMPO FIJO DE DESCRIPCIÓN FÍSICA--INFORMACIÓN GENERAL
campo de control de longitud fija t|
008 - DATOS DE LONGITUD FIJA--INFORMACIÓN GENERAL
campo de control de longitud fija 070214s1957 pe r ||||1| spa d
100 1# - ENTRADA PRINCIPAL--NOMBRE DE PERSONA
Nombre de persona Sánchez Elías, Julio Ezequiel.
9 (RLIN) 102622
245 10 - MENCIÓN DEL TÍTULO
Título Cuatro siglos de Historia iqueña /
Mención de responsabilidad, etc. por el Dr. Julio Ezequiel Sánchez Elías.
260 ## - PUBLICACIÓN, DISTRIBUCIÓN, ETC.
Lugar de publicación, distribución, etc. Lima :
Nombre del editor, distribuidor, etc. [s. n.],
Fecha de publicación, distribución, etc. 1957 (
Fabricante Victory)
300 ## - DESCRIPCIÓN FÍSICA
Extensión XIV, 169 p. :
Otras características físicas il. ;
Dimensiones 21 cm.
852 ## - LOCALIZACIÓN
Ubicación ES-MaACL
Número de control de estantería C-13620
Sublocalización o colección R.41375
Holdings
Estatus retirado Estado de pérdida Estado de daño No para préstamo Biblioteca de origen Biblioteca actual Ubicación en estantería Fecha de adquisición Fuente de adquisición Total de préstamos Signatura topográfica completa Código de barras Visto por última vez Precio de reemplazo Tipo de ítem Koha
        Biblioteca del Ateneo de Madrid Biblioteca del Ateneo de Madrid Sala Palomar 17/01/2008     C-13620 1143528 23/02/2023 23/02/2023 Libro impreso